000
00326 a2200157 4500
001
189962
020
_a
85-08-03621-3
040
_c
Magnum
100
_a
Junqueira, Sonia
240
1
0
_a
A foca famosa
_l
por
245
1
0
_a
A foca famosa
362
0
_a
2006
440
1
_a
Ática
697
_a
LITERATURA INFANTIL
942
_c
BK
999
_c
189962
_d
189962